Environmental Impact Evaluation of a European High Speed Railway Network along the ’European Silk Road’

Salvato in:
Dettagli Bibliografici
Autore principale: Weber, Katharina
Altri autori: Zangl, Maximilian, Usman Zahid, Muhammad
Natura: Libro
Lingua:inglese
Pubblicazione: Vienna The Vienna Institute for International Economic Studies 2022
Soggetti:
Tags: Aggiungi Tag
Nessun Tag, puoi essere il primo ad aggiungerne!!

MARC

LEADER 00000nlm a2200000 4500
001 0292058
005 20230421162222.7
041 0 |a eng 
044 |a AT 
245 1 0 |a Environmental Impact Evaluation of a European High Speed Railway Network along the ’European Silk Road’  |c Katharina Weber ... [et al.] 
264 1 |a Vienna  |b The Vienna Institute for International Economic Studies  |c 2022 
300 |a 36 s. 
610 2 0 |a ochrana prostredia životného 
610 2 0 |a železnice 
610 2 0 |a doprava železničná 
610 2 0 |a infraštruktúra dopravná 
100 1 |a Weber, Katharina 
700 1 |a Zangl, Maximilian 
700 1 |a Usman Zahid, Muhammad